| 000 | 00359nam a2200145Ia 4500 | ||
|---|---|---|---|
| 008 | 230917s9999||||xx |||||||||||||| ||und|| | ||
| 040 |
_e142953 _aMAIN |
||
| 041 | _aEnglish | ||
| 082 | _a783 D262 L:D | ||
| 100 | _aLath, Mukund | ||
| 245 | 0 | _aDattilam | |
| 260 |
_aDelhi _bIndira Ganhi National Centre for the Arts _c1988 |
||
| 300 | _a236p. p. | ||
| 942 | _cBK | ||
| 999 |
_c75511 _d75511 |
||